| 000 | 02296nam a2200505 c 4500 | ||
|---|---|---|---|
| 100 | 1 |
_aАрнаудов, Михаил Петров _933558 |
|
| 999 |
_c123812 _d123812 |
||
| 003 | BLK | ||
| 005 | 20240313005505.0 | ||
| 008 | 180409b bul|||||r ||||||| ||bul|| | ||
| 010 | _aKNG00129475000 | ||
| 040 | _aBLK | ||
| 041 |
_aBUL _cBUL |
||
| 072 | 7 |
_2bullib _aА _xФонд Михаил Арнаудов |
|
| 080 |
_aБългарска литература _b821.163.2 _x(092) _z821.163.2(092) |
||
| 080 |
_aБългарска литература _b821.163.2 _x-1.09 _z821.163.2-1.09 |
||
| 080 |
_aБългарски поет _b929 Яворов, Пейо Крачолов _z929 Яворов, Пейо Крачолов |
||
| 139 |
_aАрнаудов, Михаил Петров _bЯ 18 |
||
| 245 | 1 | 0 |
_aЯворов _bЛичност, творчество, съдба : Биогр. и психол. анкета _cМихаил Петров Арнаудов. |
| 250 | _a2. изд. | ||
| 257 | _aBGR | ||
| 260 |
_aСофия _bБълг. писател _c1970 _fСофия : Д. Благоев |
||
| 300 |
_a468 с. _b1 л. портр. _c21 см |
||
| 380 | _a82 | ||
| 490 |
_9396381 _aЧастна колекция - Академик Михаил Арнаудов _gДарение - Основен фонд |
||
| 500 | _a1. изд. 1961. - 10 100 тир. - Фонд Михаил Арнаудов - датиране на кн.: І екз. 5. авг. 70. - Твърда подв. | ||
| 650 | 4 |
_aБългарска литература - биографии _9273691 |
|
| 650 | 4 |
_aПоети, български - биографии _9277817 |
|
| 651 | 4 |
_aБългария _9241624 |
|
| 653 | _aПейо Яворов | ||
| 653 | _aбългарски поети | ||
| 653 | _aбългарска литература | ||
| 653 | _aтворчество | ||
| 653 | _aбиографии | ||
| 659 | _aА | ||
| 852 |
_a МА 84 _bМА |
||
| 852 |
_aЦб 54586 _bЦб |
||
| 856 | 4 | _qpdf | |
| 856 | 4 | _qpdf | |
| 942 |
_cKNG _n0 _s1 |
||
| 944 |
_aCR _c03.04.2012 _lCRON CRON _k |
||
| 944 |
_aED _c20.10.2016 _l03.04.2012 - от С1,Р / 03.04.2012 _kГеновева_Генчева |
||
| 944 |
_aED _c2022-07-06 _kВП |
||
| 999 | _d123812 | ||
| 999 | _d123812 | ||